Cyclisme : Mikel Landa Victoires WT - Statistiques

Statistiques générales
  • Ce quiz a été pris 32 fois
  • Le résultat moyen est 6 sur 7
Statistiques - réponses
Années Équipe Indice Réponse % Correct
2015 Astana Pro Team Étape Tour d'Espagne
100%
2015 Astana Pro Team Étape Tour d'Italie
96%
2015 Astana Pro Team Étape Tour d'Italie
96%
2017 Team Sky Étape Tour d'Italie
96%
2015 Astana Pro Team Étape Tour du Pays-Basque
71%
2016 Team Sky Étape Tour du Pays-Basque
71%
2018 Movistar Team Étape Tirreno-Adriatico
50%
Aucun quiz correspondant
Distribution des résultats
% des personnes avec chaque résultat
Percentile par nombre de réponses
Votre historique - résultats
Vous n’avez pas pris ce quiz